Real estate investment (Record no. 103752)

MARC details
000 -LEADER
fixed length control field 00348cam a2200145 4500
008 - FIXED-LENGTH DATA ELEMENTS--GENERAL INFORMATION
fixed length control field 040913n2005 000 0 eng u
020 ## - INTERNATIONAL STANDARD BOOK NUMBER
International Standard Book Number 140510225X
035 ## - SYSTEM CONTROL NUMBER
System control number (Sirsi) u127353
100 ## - MAIN ENTRY--PERSONAL NAME
Personal name Byrne, P.
245 ## - TITLE STATEMENT
Title Real estate investment
260 ## - PUBLICATION, DISTRIBUTION, ETC.
Place of publication, distribution, etc. Blackwells
Date of publication, distribution, etc. 2005
350 ## - PRICE (NR) (BK AM CF MU VM SE) [OBSOLETE]
Price 42.50
520 ## - SUMMARY, ETC.
Summary, etc. Due for publication 2005
942 ## - ADDED ENTRY ELEMENTS (KOHA)
Suppress in OPAC 0

No items available.